Scottish Letting Agency (Record no. 119967)

MARC details
000 -LEADER
fixed length control field 01043cam a2200277 4500
001 - CONTROL NUMBER
control field WS116336
008 - FIXED-LENGTH DATA ELEMENTS--GENERAL INFORMATION
fixed length control field 020116n 000 0 eng u
035 ## - SYSTEM CONTROL NUMBER
System control number (Sirsi) u116336
110 ## - MAIN ENTRY--CORPORATE NAME
Corporate name or jurisdiction name as entry element Scottish Letting Agency
9 (RLIN) 4181
245 ## - TITLE STATEMENT
Title Scottish Letting Agency
520 ## - SUMMARY, ETC.
Summary, etc. Web site for this online service for landlords, tenants and service providers involved in the Scottish residential property market. Includes a searchable list of available property, top tips for landlords, an outline of tenancy types, legal information and pages on social exclusion.
650 ## - SUBJECT ADDED ENTRY--TOPICAL TERM
Topical term or geographic name entry element RENTED HOUSING
650 ## - SUBJECT ADDED ENTRY--TOPICAL TERM
Topical term or geographic name entry element ASSURED TENANCY
650 ## - SUBJECT ADDED ENTRY--TOPICAL TERM
Topical term or geographic name entry element HOUSING (SCOTLAND) ACT 1988
650 ## - SUBJECT ADDED ENTRY--TOPICAL TERM
Topical term or geographic name entry element SHORT ASSURED TENANCIES
650 ## - SUBJECT ADDED ENTRY--TOPICAL TERM
Topical term or geographic name entry element SCOTLAND
650 ## - SUBJECT ADDED ENTRY--TOPICAL TERM
Topical term or geographic name entry element SOCIAL EXCLUSION
650 ## - SUBJECT ADDED ENTRY--TOPICAL TERM
Topical term or geographic name entry element LAW
650 ## - SUBJECT ADDED ENTRY--TOPICAL TERM
Topical term or geographic name entry element TENANCIES
650 ## - SUBJECT ADDED ENTRY--TOPICAL TERM
Topical term or geographic name entry element HOMELESSNESS
650 ## - SUBJECT ADDED ENTRY--TOPICAL TERM
Topical term or geographic name entry element EVICTION
650 ## - SUBJECT ADDED ENTRY--TOPICAL TERM
Topical term or geographic name entry element REPAIRS
690 ## - LOCAL SUBJECT ADDED ENTRY--TOPICAL TERM (OCLC, RLIN)
Topical term or geographic name as entry element HOUSING
856 40 - ELECTRONIC LOCATION AND ACCESS
Uniform Resource Identifier <a href="https://www.scottish-letting-agency.com">https://www.scottish-letting-agency.com</a>
Public note View the website free of charge at www.scottish-letting-agency.com...
942 ## - ADDED ENTRY ELEMENTS (KOHA)
Suppress in OPAC 0
Holdings
Withdrawn status Lost status Source of classification or shelving scheme Damaged status Not for loan Home library Current library Shelving location Date acquired Total Checkouts Full call number Barcode Date last seen Copy number Price effective from Koha item type
    Dewey Decimal Classification     Virtual Virtual Online 16/01/2002   WEB SITE 116336-2001 06/08/2019 1 06/08/2019 Online material